| 000 | 01180nam a22002537a 4500 | ||
|---|---|---|---|
| 005 | 20170124103114.0 | ||
| 010 | _aB-031993 | ||
| 020 | _c125.00 | ||
| 035 | _aB-031993 | ||
| 037 | _bCen Lib/Ret | ||
| 040 |
_aDPL _bHN |
||
| 082 |
_aक _bझाशोभा |
||
| 100 |
_aझा, शोभाकांत _980339 |
||
| 245 |
_aमाया महाठगनी हम जानी : _cशोभाकांत झा _bकहानी-संग्रह / |
||
| 246 |
_aMaya mahathagni hum jani : kahani-sangreh / _bby Shobhakant Jha |
||
| 260 |
_aदिल्ली _bनीरज बुक सेंटर _c2001 |
||
| 270 |
_aआर्यनगर ग्रुप हाउसिंग सोसाइटी प्लाट नं. सी-32 आई. पी. एक्स. पटपड़गंज _bदिल्ली _e110092 |
||
| 300 |
_a117पृ. _c21सेमी(सजिल्द ) |
||
| 650 |
_aसाहित्य--कहानियां _x _z _980340 |
||
| 650 |
_aहिंदी कहानियां _92082 |
||
| 650 |
_a Literature--Stories _v _980341 |
||
| 650 |
_aHindi Stories _980342 |
||
| 942 |
_2ddc _cHN _hक _mझाशोभा |
||
| 999 |
_c118472 _d118472 |
||